00984nam a22002535i 4500999001700000003000900017005001700026008004100043020001800084020001500102040004300117082002100160100004200181245009700223264006200320300004500382336002600427337002800453338002700481504005100508650002700559942001200586952013200598 c28789d28760EG-ScBUE20200922134243.0200219s1993 at a f b 001 0 eng d a9780582876972 a0582876974 aEG-ScBUEbengerdacEG-ScBUEdEG-ScBUE04a658.816bLEG2221 aLegge, John M.,d1942-eauthor91240910aPricing strategy and profit :bprice management in the low inflation 1990s /cJohn M. Legge. 1aMelbourne, Australia :bLongman Professional Pub.,c1993. axiv, 175 pages :billustrations ;c24 cm atextbtxt2rdacontent aunmediatedbn2rdamedia avolumebnc2rdacarrier aIncludes bibliographical references and index. 7aPricing.2BUEsh932692 2ddccBB 00102ddc40708unknownaMAINbMAINc1STd2020-09-22ePurchasel0o658.816 LEGp000049741r2025-07-15 00:00:00w2020-09-22yBB